00309 a2200133 4500001000700000020002200007040003500029100002800064240003000092245002500122300000800147362000900155440001100164157518 a978-85-01-10951-4 cEscola São Tomás de Aquino aChirovici, Eugen Ovidiu10aO livro dos espelhoslpor10aO livro dos espelhos a3200 a2017 1aRecord